Coexistence of nonprofit, for profit and public sector institutions (Record no. 42660)

000 -LEADER
fixed length control field 00408pab a2200145 454500
008 - FIXED-LENGTH DATA ELEMENTS--GENERAL INFORMATION
fixed length control field 180718b1997 xxu||||| |||| 00| 0 eng d
100 ## - MAIN ENTRY--PERSONAL NAME
Personal name Handy, Femida
245 ## - TITLE STATEMENT
Title Coexistence of nonprofit, for profit and public sector institutions
260 ## - PUBLICATION, DISTRIBUTION, ETC.
Date of publication, distribution, etc. 1997
300 ## - PHYSICAL DESCRIPTION
Extent p.201-23
362 ## - DATES OF PUBLICATION AND/OR SEQUENTIAL DESIGNATION
Dates of publication and/or sequential designation Jun
650 ## - SUBJECT ADDED ENTRY--TOPICAL TERM
Topical term or geographic name entry element Nonprofit organizations
773 ## - HOST ITEM ENTRY
Main entry heading Annals of Public and Cooperative Economics
909 ## -
-- 42660
Holdings
Withdrawn status Lost status Damaged status Not for loan Permanent Location Current Location Date acquired Serial Enumeration / chronology Barcode Date last seen Price effective from Koha item type
        Indian Institute of Public Administration Indian Institute of Public Administration 2018-07-19 Volume no: 68, Issue no: 2 AR43045 2018-07-19 2018-07-19 Articles

Powered by Koha